아시아의 공식 및 지역 언어 - Statistics

General Stats
  • This quiz has been taken 3 times
  • The average score is 20 of 149
Answers on the Map
Answers color-coded by a green-red scale on the quiz's map according to % correct below.
 
Answer Stats
Family Script 제1화자 L2 Language % Correct
Sino-Tibetan (Sinitic) 官话 9억 2,000만 관화
100%
Japonic 日本語 1억 2,800만 일본어
100%
Koreanic 한국어 7,700만 한국어
100%
Slavic † русский 4,400만 56 mil 러시아어
100%
Mongolic ᠮᠣᠩᠭᠣᠯ 520만 몽골어
100%
(Afro-Asiatic) Semitic اَلْعَرَبِيَّةُ 1억 500만 ? 아랍어
67%
Austroasiatic (Vietic) Tiếng Việt 7,600만 베트남어
67%
Turkic (Oghuz) Türkçe 7,500만 튀르키예어
67%
Sino-Tibetan (Sinitic) 廣東話 7,300만 광동어
67%
Iranian † فارسی 7,000만 50 mil 페르시아어
67%
Sino-Tibetan (Lolo-Burmese) မြန်မာဘာသာ 3,300만 버마어
67%
Turkic (Oghuz) Azərbaycan dili 2,300만 아제르바이잔어
67%
Kra-Dai (Tai) ภาษาไทย 2,000만 44 mil 태국어
67%
Austroasiatic (Khmeric) ភាសាខ្មែរ 1,600만 크메르어
67%
Indo-Aryan (Northern) † नेपाली 1,600만 6.0 mil 네팔어
67%
Sino-Tibetan (Sinitic) 福建話 1,300만 민어
67%
Turkic (Karluk) ئۇيغۇر تىلى 1,000만 위구르어
67%
Indo-European isolate† հայերեն 670만 아르메니아어
67%
(Afro-Asiatic) Semitic עִבְרִית 500만 4.0 mil 히브리어
67%
Kartvelian ქართული 370만 조지아어
67%
Sino-Tibetan (Tibetic) དབུས་སྐད་ 120만 표준 티베트어
67%
Japonic 琉球語派 ? 류큐어
67%
Indo-Aryan (Central) † हिन्दी / اردو 2억 5,000만 250 mil 힌두어/우르두어
33%
Indo Aryan (Eastern) † বাংলা 2억 3,000만 벵골어
33%
Austronesian (Malayo-Polynesian) ꦧꦱꦗꦮ 8,200만 자바어
33%
Sino-Tibetan (Sinitic) 吳語 8,000만 오어
33%
Austronesian (Malayo-Polynesian) Bahasa Melayu 7,700만 133 mil 마인어
33%
Dravidian தமிழ் 7,500만 타밀어
33%
Turkic (Karluk) Oʻzbekcha 3,400만 우즈베크어
33%
Austronesian (Malayo-Polynesian) Tagalog 2,200만 45 mil 타갈로그어
33%
Iranian † Zimanê kurdî 2,000만 쿠르드어
33%
Turkic (Kipchak) қазақша 1,300만 카자크어
33%
Hellenic † Ελληνικά 70만 그리스어
33%
Language isolate アイヌ・イタㇰ 10 290 아이누어
33%
Indo-Aryan (Northwestern) † ਪੰਜਾਬੀ / پن٘جابی 1억 2,500만 펀자브어
0%
Indo-Aryan (Southern) † मराठी 8,300만 12 mil 마라티어
0%
Dravidian తెలుగు 8,200만 텔루구어
0%
Indo-Aryan (Western) † ગુજરાતી 5,600만 구자라트어
0%
Sino-Tibetan (Sinitic) 客家話 4,700만 객가어
0%
Dravidian മലയാളം 4,500만 말라얄람어
0%
Dravidian ಕನ್ನಡ 4,300만 칸나다어
0%
Iranian † پښتو 4,000만 파슈토어
0%
Austronesian (Malayo-Polynesian) ᮘᮞ ᮞᮥᮔ᮪ᮓ 4,000만 순다어
0%
Sino-Tibetan (Sinitic) 湘語 3,800만 상어
0%
Indo-Aryan (Eastern) † ଓଡ଼ିଆ 3,500만 오리야어
0%
Indo-Aryan (Bihari) † मैथिली 3,300만 마이틸어
0%
Kra-Dai (Tai) ພາສາລາວ 3,000만 라오어
0%
Indo-Aryan (Northwestern) † سنڌي‎ 2,500만 신드어
0%
Sino-Tibetan (Sinitic) 贛語 2,200만 감어
0%
Austronesian (Malayo-Polynesian) Bisaya 1,900만 세부아노어
0%
Indo-Aryan (Southern) † සිංහල 1,700만 3.0 mil 싱할라어
0%
Kra-Dai (Tai) Vaƅcueŋƅ 1,600만 좡어
0%
Indo Aryan (Bengali-Assamese) † অসমীয়া 1,400만 아삼어
0%
Austronesian (Malayo-Polynesian) Ilonggo 930만 힐리가이논어
0%
Austronesian (Malayo-Polynesian) Ilocano 910만 2.0 mil 일로카노어
0%
Austroasiatic (Munda) ᱥᱟᱱᱛᱟᱲᱤ 760만 산탈어
0%
Indo-Aryan (Dardic) † كٲشُر 700만 카슈미르어
0%
Austronesian (Malayo-Polynesian) Bhâsa Madhurâ 670만 마두라어
0%
Turkic (Oghuz) türkmençe 670만 투르크멘어
0%
Turkic (Kipchak) Кыргызча 430만 키르기스어
0%
Austronesian (Malayo-Polynesian) Basa Acèh 350만 아체어
0%
Austronesian (Malayo-Polynesian) Bahasa Banjar 350만 반자르어
0%
Austronesian (Malayo-Polynesian) Basa Ugi 350만 500 k 부기어
0%
Austronesian (Malayo-Polynesian) ᬩᬲᬩᬮᬶ 330만 발리어
0%
Kra-Dai (Tai) တႆး 330만 샨어
0%
Iranian † بلۏچی 300만 발루치어
0%
Dravidian గోండీ 290만 곤드어
0%
Austronesian (Malayo-Polynesian) Sasak 270만 사삭어
0%
Austronesian (Malayo-Polynesian) Waray-Waray 260만 와라이어
0%
Austronesian (Malayo-Polynesian) Bikol Naga 250만 중부 비콜어
0%
Indo-Aryan (Marathi-Konkani) † कोंकणी 230만 콘칸어
0%
Dravidian कुड़ुख़ 220만 쿠루흐어
0%
Austronesian (Malayo-Polynesian) ᨅᨔ ᨆᨀᨔᨑ 210만 마카사르어
0%
Austronesian (Malayo-Polynesian) Hata Batak Toba 200만 토바 바탁어
0%
Austronesian (Malayo-Polynesian) Kapampangan 200만 팜팡가어
0%
Sino-Tibetan (Lolo-Burmese) ꆈꌠꉙ 200만 이어 (누오수어)
0%
Indo-Aryan (Eastern) † थारु 190만 타루어
0%
Dravidian ತುಳು 180만 툴루어
0%
Sino-Tibetan (Kuki-Chin-Naga) ꯃꯤꯇꯩꯂꯣꯟ 170만 마니푸르어
0%
Indo-Aryan (Dardic) † डोगरी 160만 도그리어
0%
Austroasiatic (Munda) मुंडारी 160만 문다리어
0%
Sino-Tibetan (Karenic) ကညီကျိ 150만 카렌어
0%
Sino-Tibetan (Sal) बर' / बड़ 140만 보도어
0%
Austroasiatic (Munda) 𑢹𑣉𑣉 𑣎𑣋𑣜 140만 호어
0%
Sino-Tibetan (Tamangic) तामाङ 130만 타망어
0%
Austronesian (Malayo-Polynesian) Pakpak 120만 다이리 바탁어
0%
Austronesian (Malayo-Polynesian) Sahap Simalungun 120만 시마울룽 바탁어
0%
Austronesian (Malayo-Polynesian) Pangasinense 120만 팡가시난어
0%
Austronesian (Malayo-Polynesian) Mandailing 110만 만다일링 바탁어
0%
Austronesian (Malayo-Polynesian) Maguindanao 110만 마긴다나오어
0%
Austronesian (Malayo-Polynesian) Bahasa Sūg 110만 타우수그어
0%
Austronesian (Malayo-Polynesian) Bahasa Hulontalo 100만 고론탈로어
0%
Austroasiatic (Khasic) Ka Ktien Khasi 100만 카시어
0%
Sino-Tibetan (Sal) Kókborok 100만 콕보록어
0%
Austronesian (Malayo-Polynesian) Basa Taeʼ 100만 타에어
0%
Sino-Tibetan (Sal) Jinghpaw 94만 징포어
0%
Austronesian (Malayo-Polynesian) tombo Manggarai 90만 망가라이어
0%
Austronesian (Malayo-Polynesian) Ngaju Dayak 89만 응가주어
0%
Sino-Tibetan (Newaric) नेवाः भाय् 86만 네와리어
0%
Sino-Tibetan (Magaric) मगर 84만 마가르어
0%
Sino-Tibetan (Kuki-Chin-Mizo) Mizo ṭawng 83만 미조어
0%
Austroasiatic (Monic) ဘာသာ မန် 80만 몽어
0%
Austronesian (Malayo-Polynesian) Uab Metô 80만 우압메트어
0%
Austronesian (Malayo-Polynesian) Mëranaw 78만 마라나오어
0%
Austronesian (Malayo-Polynesian) Li Niha 77만 니아스어
0%
Austronesian (Malayo-Polynesian) Angkola 75만 앙콜라 바탁어
0%
Austronesian (Malayo-Polynesian) Saʼdan 75만 토라자-사단어
0%
Spanish-based creole Chabacano 70만 차바카노어
0%
Austronesian (Malayo-Polynesian) Cakap Karo 60만 카로 바탁어
0%
Iranian † ирон ӕвзаг 59만 오세트어
0%
(Afro-Asiatic) Semitic ܣܘܪܝܬ 58만 아시리아 신아람어
0%
Turkic (Kipchak) Qaraqalpaq tili 58만 카라칼파크어
0%
Sino-Tibetan (Kuki-Chin-Naga) Karbi 52만 카르비어
0%
Austronesian (Malayo-Polynesian) Nggahi Mbojo 50만 비마어
0%
Austronesian (Malayo-Polynesian) Ybanag 50만 이바나그어
0%
Austronesian (Malayo-Polynesian) Surigaonon 50만 수리가오논어
0%
Turkic (Siberian) саха тыла 48만 야쿠트어
0%
Austronesian (Malayo-Polynesian) Cawa Komering 47만 코메링어
0%
Austronesian (Malayo-Polynesian) Akeanon 46만 아클라논어
0%
Austronesian (Malayo-Polynesian) Kinaray-a 43만 카라이아어
0%
Indo-Aryan (Dardic) † زبان پشه‌ای 40만 파샤이어
0%
Austronesian (Malayo-Polynesian) Tetun Prasa 39만 180 k 테툼어
0%
Sino-Tibetan (Kiranti) ᤕᤠᤰᤌᤢᤱ ᤐᤠᤴ 38만 림부어
0%
Austronesian (Malayo-Polynesian) Baso Jang 35만 레장어
0%
Indo-Aryan (Southern) † ދިވެހި, 34만 디베히어
0%
Mongolic буряад хэлэн 33만 부랴트어
0%
Austronesian (Malayo-Polynesian) To'olaki 33만 톨라키어
0%
Sino-Tibetan (Tamangic) गुरुंग 32만 구룽어
0%
Austronesian (Malayo-Polynesian) Wamba Wuna 30만 무나어
0%
Austronesian (Malayo-Polynesian) Basa Semawa 30만 숨바와어
0%
Turkic (Siberian) тыва дыл 28만 투바어
0%
Northwest Caucasian Аԥсуа бызшәа 19만 압하즈어
0%
Sino-Tibetan (Tibetic) རྫོང་ཁ་ 17만 종카어
0%
Sino-Tibetan (Tibetic) ཤར་པའི་སྐད་ཡིག 17만 셰르파어
0%
Sino-Tibetan (Angami–Pochuri) Angami 15만 앙가미어
0%
Dravidian ಕೊಡವ 11만 코다바어
0%
Sino-Tibetan (Tibetic) ལ་དྭགས་སྐད་ 11만 라다크어
0%
Austronesian (Malayo-Polynesian) Yakan 11만 야칸어
0%
Austronesian (Malayo-Polynesian) Basa Gayo 10만 가요어
0%
Austronesian (Malayo-Polynesian) Sambali 7만 삼발어
0%
Sino-Tibetan (Tibetic) འབྲས་ལྗོངས་སྐད་ 7만 시킴어
0%
Sino-Tibetan (Himalayish) ᰛᰩᰵᰛᰧᰵᰶ 6만 6천 렙차어
0%
Turkic (Siberian) алтай тил 5만 5천 알타이어
0%
Austronesian (Formosan) Formosan 5만 대만 제어
0%
Indo-Aryan (Eastern) † Majhi 4만 4천 1.3 k 마지어
0%
Turkic (Siberian) Хакас тілі 4만 3천 하카스어
0%
Sino-Tibetan (Kiranti) सुनुवार 3만 8천 수누와르어
0%
Austronesian (Malayo-Polynesian) Ibatan 3만 3천 이바탄어
0%
Austroasiatic Nicobarese 3만 니코바르어파
0%
No matching quizzes found
Score Distribution
Percent of People with Each Score
Percentile by Number Answered
Your Score History
You have not taken this quiz